UM Logo

Morphology in reading comprehension among school-aged readers of English : (Record no. 23264)

MARC details
000 -LEADER
fixed length control field 01023nam a22002417a 4500
003 - CONTROL NUMBER IDENTIFIER
control field OSt
005 - DATE AND TIME OF LATEST TRANSACTION
control field 20260304112011.0
008 - FIXED-LENGTH DATA ELEMENTS--GENERAL INFORMATION
fixed length control field 241216b |||||||| |||| 00| 0 eng d
040 ## - CATALOGING SOURCE
Transcribing agency 0
082 ## - DEWEY DECIMAL CLASSIFICATION NUMBER
Classification number DPer 370.15 J826 July-August 2023 v. 115 n. 5-6
100 ## - MAIN ENTRY--PERSONAL NAME
Personal name Zhang, Dongbo.
Relator term author.
9 (RLIN) 64403
245 ## - TITLE STATEMENT
Title Morphology in reading comprehension among school-aged readers of English :
Remainder of title a synthesis and Meta-Analytic structure equation modeling study /
Statement of responsibility, etc. Dongbo Zhang, Sihui (Echo) Ke, and Ya Mo.
260 ## - PUBLICATION, DISTRIBUTION, ETC. (IMPRINT)
Place of publication, distribution, etc. Washington, DC ;
Name of publisher, distributor, etc. American Psychological Association ,
Date of publication, distribution, etc. July 2023.
300 ## - PHYSICAL DESCRIPTION
Extent Volume 115, pages 683-699 :
Other physical details illustration ;
Dimensions 28 cm.
500 ## - GENERAL NOTE
General note Journal of Educational Psychology, vol. 115, no. 5, pages 683-699, July 2023.
650 #0 - SUBJECT ADDED ENTRY--TOPICAL TERM
Topical term or geographic name as entry element Reading comprehension.
9 (RLIN) 5177
650 #0 - SUBJECT ADDED ENTRY--TOPICAL TERM
Topical term or geographic name as entry element Meta analysis.
9 (RLIN) 64939
650 #0 - SUBJECT ADDED ENTRY--TOPICAL TERM
Topical term or geographic name as entry element Morphology (Languages).
9 (RLIN) 64940
700 ## - ADDED ENTRY--PERSONAL NAME
Personal name Zhang, Dongbo.
Relator term author.
9 (RLIN) 51157
700 ## - ADDED ENTRY--PERSONAL NAME
Personal name Ke, Sihui (Echo).
Relator term author.
9 (RLIN) 64697
700 ## - ADDED ENTRY--PERSONAL NAME
Personal name Mo, Ya.
Relator term author.
9 (RLIN) 64698
942 ## - ADDED ENTRY ELEMENTS (KOHA)
Source of classification or shelving scheme Dewey Decimal Classification
Koha item type Periodicals
Holdings
Withdrawn status Lost status Source of classification or shelving scheme Damaged status Not for loan Collection code Home library Current library Date acquired Total Checkouts Full call number Date last seen Price effective from Koha item type Public note
    Dewey Decimal Classification     Periodicals UM Digos College - LIC UM Digos College - LIC 12/16/2024   DPer 370.15 J826 July-August 2023 v. 115 n. 5-6 12/16/2024 12/16/2024 Periodicals Periodical Article